| 000 | 00911nam a22003490a 4500 | ||
|---|---|---|---|
| 001 | PT50435 | ||
| 003 | AR-LpoUNG | ||
| 005 | 20210131231345.0 | ||
| 008 | 191001s2011||||sp |||||||||||||||||spa d | ||
| 020 |
_a9788437081953 _c$44 |
||
| 040 |
_aAR-LpoUNG _bspa _cAR-LpoUNG _eaacr |
||
| 041 | _aspa | ||
| 044 | _asp | ||
| 082 | 0 | _a907.2 385con | |
| 100 | 1 |
_aMartínez Sopena, Pascual _eed. |
|
| 245 | 1 | 3 | _aLa construcción medieval de la memoria regia |
| 260 |
_aValencia : _bUniversitat de València, _c2011. |
||
| 300 |
_a465 p. : _btbls., fot. |
||
| 650 | 4 | _aDOCUMENTOS PRIMARIOS | |
| 650 | 4 | _aEDAD MEDIA | |
| 650 | 4 | _aESCRITURA | |
| 650 | 4 | _aESPAÑA | |
| 650 | 4 | _aHISTORIA | |
| 650 | 4 | _aLENGUAS | |
| 653 | _aHISTORIOGRAFIA | ||
| 653 | _aMEMORIA COLECTIVA | ||
| 653 | _aMONARQUIA | ||
| 653 | _aREVISIONISMO HISTORICO | ||
| 700 | 1 |
_aRodríguez, Ana _eed. |
|
| 905 | _a50435 | ||
| 942 | _cLIB | ||
| 999 |
_c9589 _d9589 |
||